América Central /
Gespeichert in:
| 1. Verfasser: | |
|---|---|
| Körperschaften: | , |
| Weitere Verfasser: | |
| Format: | Text |
| Veröffentlicht: |
San Salvador:
FLACSO. Programa El Salvador
|
| Schlagworte: | |
| Tags: |
Tag hinzufügen
Keine Tags, Fügen Sie den ersten Tag hinzu!
|
MARC
| LEADER | 00000 a a2200000 04500 | ||
|---|---|---|---|
| 001 | 27022 | ||
| 003 | |||
| 040 | |||
| 090 | |a 183301 | ||
| 100 | |a Córdova Macías, Ricardo | ||
| 110 | |a FUNDAUNGO | ||
| 245 | |a América Central / |c FUNDAUNGO | ||
| 260 | |a San Salvador: |b FLACSO. Programa El Salvador | ||
| 300 | |a vii, 217 p; vol. 1 |b **no definido** |b fonodiscos |b **no definido** | ||
| 650 | |a SISTEMAS POLITICOS | ||
| 650 | |a DEMOCRACIA | ||
| 650 | |a GOBIERNO CENTRAL | ||
| 650 | |a DESCENTRALIZACION | ||
| 650 | |a DESCENTRALIZACION | ||
| 650 | |a PRESIDENCIALISMO | ||
| 700 | |a Seligson, Mitchell A | ||
| 710 | |a Universidad de Pittsburgh. Departamento de Ciencias Políticas | ||
| 999 | |c 13006 |d 13006 | ||
